000 01177nam a22002537a 4500
005 20090724135734.0
008 090608t xxu||||| |||| 00| j hin d
010 _aHIN-93351
020 _a9788190493659
_c225.00
035 _aHN-65697
037 _bDBAD / PUB
040 _aDPL
_bHN
082 _a
100 _aप्रेमचंद
_91372
245 _aनरम का मार्गः
_cमुंशी प्रेमचंद
_bकहानी संग्रह /
246 _aPancha-parmeshwara
_bby Premchand
260 _aइलाहाबाद
_bपुष्पा साहित्य केन्द्र
_c2010
270 _a145/116, भुसौली टोला, खुल्दाबाद
_bइलाहाबाद
300 _a120पृ.
_c22सेमी (सजिल्द)
_bसचित्र
650 _aलघु कथाएँ, हिन्दी
_91169
650 _aShort stories, Hindi
_929837
942 _2ddc
_cHN
_mप्रेमचं
_h
999 _c54195
_d54195